<?xml version="1.0" encoding="UTF-8"?>
<marc:record xmlns:marc="http://www.loc.gov/MARC21/slim">
   <marc:leader>00000nam a2200000 a 4500</marc:leader>
   <marc:datafield ind1="1" ind2=" " tag="100">
      <marc:subfield code="a">Stahr, Christine</marc:subfield>
      <marc:subfield code="4">aut</marc:subfield>
      <marc:subfield code="e">Verfasser/-in</marc:subfield>
   </marc:datafield>
   <marc:datafield ind1="0" ind2="0" tag="245">
      <marc:subfield code="a">Mein ökologischer Fußabdruck</marc:subfield>
   </marc:datafield>
   <marc:datafield ind1="0" ind2="0" tag="245">
      <marc:subfield code="c">Christine Stahr</marc:subfield>
   </marc:datafield>
   <marc:datafield ind1=" " ind2="1" tag="264">
      <marc:subfield code="a">München</marc:subfield>
      <marc:subfield code="b">arsEdition</marc:subfield>
      <marc:subfield code="c">2021</marc:subfield>
   </marc:datafield>
   <marc:datafield ind1="1" ind2=" " tag="520">
      <marc:subfield code="a">Angaben aus der Verlagsmeldung

Mein ökologischer Fußabdruck : Mit vielen Tests und Tipps / von Christine Stahr

Weißt du, wie groß dein Fußabdruck ist?  

Jahr für Jahr wachsen Äpfel und auf den Feldern reift Getreide. Wir leben von den Vorräten der Erde – ihren Ressourcen. Seit 1971 verbrauchen die Menschen aber viel, viel mehr, als nachwachsen kann.  

Der ökologische Fußabdruck zeigt auf, wie viel Vorräte jeder einzelne von uns verbraucht. Wie viele Erden benötigst du? Wie ernährst du dich, wie wohnst du, wie viel Energie verbrauchst du und wie bewegst du dich fort – dies alles spielt eine Rolle beim ökologischen Fußabdruck. 

Tipps: Viele Anregungen, wie man seinen ökologischen Fußabdruck verkleinern kann, z. B. Jahreszeiten-Kochbuch anlegen, T-Shirt-Tasche basteln, Energiespar-Detektiv werden, grüne Ferien machen und vieles mehr 

Tests: Mit Quizfragen herausfinden, wie groß dein ökologischer Fußabdruck tatsächlich ist 

Nachhaltigkeit: Eine Geschenkidee mit Herz und Verstand für alle, die etwas bewegen wollen 

Besser machen! 
Auch im Kleinen kann man etwas zum Schutz unserer Ressourcen und Verhindern des Klimawandels beitragen: darauf achten, wo Kleidung hergestellt wird, lieber mal mehr Gemüse als Burger essen, einen Tag lang auf elektronische Geräte verzichten, mit dem Fahrrad statt mit dem Auto unterwegs sein ... 

</marc:subfield>
   </marc:datafield>
   <marc:datafield ind1=" " ind2=" " tag="020">
      <marc:subfield code="a">9783845843933</marc:subfield>
      <marc:subfield code="9">9783845843933</marc:subfield>
   </marc:datafield>
   <marc:datafield ind1=" " ind2=" " tag="300">
      <marc:subfield code="a">80 Seiten</marc:subfield>
   </marc:datafield>
</marc:record>
